书目信息 |
| 题名: |
沫若剧作选
|
|
| 作者: | ||
| 分册: | ||
| 出版信息: | 北京 人民文学出版社 1978.4 |
|
| 页数: | 404页 | |
| 开本: | 20cm | |
| 丛书名: | ||
| 单 册: | ||
| 中图分类: | I234.7 | |
| 科图分类: | ||
| 主题词: | 戏剧文学--剧本--中国 | |
| 电子资源: | ||
| ISBN: | ||
| 000 | 00437nam0 2200169 45 | |
| 001 | 0312221749 | |
| 005 | 20070729085945.38 | |
| 010 | @dCNY1.00 | |
| 100 | @a20031222d1978 km y0chiy0120 ea | |
| 101 | @achi | |
| 200 | 1 | @a沫若剧作选@AMo Ruo Ju Zuo Xuan |
| 210 | @a北京@c人民文学出版社@d1978.4 | |
| 215 | @a404页@c照片@d20cm | |
| 606 | 0 | @a戏剧文学@x剧本@x中国 |
| 690 | @aI234.7@v3 | |
| 801 | @aCN@bTSTCL@c20070729 | |
| 905 | @a213230@dI234.7@e135 | |
| 沫若剧作选.-北京:人民文学出版社,1978.4 |
| 404页:照片;20cm |
| ISBN :CNY1.00 |
| ● |
| 相关链接 |
|
|
|
|
正题名:沫若剧作选
索取号:I234.7/135
 
预约/预借
| 序号 | 登录号 | 条形码 | 馆藏地/架位号 | 状态 | 备注 |
| 1 | 0428519 | 204285193 | 密集书库/ [索取号:I234.7/135] | 在馆 | |
| 2 | 0474828 | 204748283 | 密集书库/ [索取号:I234.7/135] | 在馆 | |
| 3 | 0785700 | 207857005 | 密集书库/ [索取号:I234.7/135] | 在馆 |